Оценка дозовых нагрузок при рентгеновской визуализации биологических объектов; Известия вузов. Физика; Т. 56, № 11-3
| Источник: | Известия вузов. Физика: научный журнал/ Национальный исследовательский Томский государственный университет (ТГУ).— , 1957- Т. 56, № 11-3.— 2013.— [С. 269-272] |
|---|---|
| Главный автор: | |
| Другие авторы: | , |
| Примечания: | Заглавие с титульного экрана Представлены результаты расчетов дозовых нагрузок на исследуемые объекты при рентгеновской визуализации внутренней структуры биологических объектов, в том числе и при получении синограмм для восстановления томографических срезов. Визуализация осуществляется при помощи двух рентгенографических систем, основанных на использовании линейных газоразрядного и полупроводникового GaAs-детекторов Режим доступа: по договору с организацией-держателем ресурса |
| Язык: | русский |
| Опубликовано: |
2013
|
| Предметы: | |
| Online-ссылка: | http://elibrary.ru/item.asp?id=21218034 |
| Формат: | Электронный ресурс Статья |
| Запись в KOHA: | https://koha.lib.tpu.ru/cgi-bin/koha/opac-detail.pl?biblionumber=637542 |
MARC
| LEADER | 00000nla0a2200000 4500 | ||
|---|---|---|---|
| 001 | 637542 | ||
| 005 | 20250423090358.0 | ||
| 035 | |a (RuTPU)RU\TPU\network\1694 | ||
| 090 | |a 637542 | ||
| 100 | |a 20140925d2013 k||y0rusy50 ca | ||
| 101 | 0 | |a rus | |
| 102 | |a RU | ||
| 135 | |a drnn ---uucaa | ||
| 181 | 0 | |a i | |
| 182 | 0 | |a b | |
| 200 | 1 | |a Оценка дозовых нагрузок при рентгеновской визуализации биологических объектов |f С. Г. Стучебров, А. Р. Вагнер, Е. С. Сухих | |
| 203 | |a Текст |c электронный | ||
| 300 | |a Заглавие с титульного экрана | ||
| 320 | |a [Библиогр.: с. 272 (4 назв.)] | ||
| 330 | |a Представлены результаты расчетов дозовых нагрузок на исследуемые объекты при рентгеновской визуализации внутренней структуры биологических объектов, в том числе и при получении синограмм для восстановления томографических срезов. Визуализация осуществляется при помощи двух рентгенографических систем, основанных на использовании линейных газоразрядного и полупроводникового GaAs-детекторов | ||
| 333 | |a Режим доступа: по договору с организацией-держателем ресурса | ||
| 337 | |a Adobe Reader | ||
| 461 | |t Известия вузов. Физика |o научный журнал |f Национальный исследовательский Томский государственный университет (ТГУ) |d 1957- | ||
| 463 | |t Т. 56, № 11-3 |v [С. 269-272] |d 2013 | ||
| 610 | 1 | |a труды учёных ТПУ | |
| 610 | 1 | |a электронный ресурс | |
| 610 | 1 | |a цифровая рентгенография | |
| 610 | 1 | |a рентгеновское излучение | |
| 610 | 1 | |a дозовые нагрузки | |
| 700 | 1 | |a Стучебров |b С. Г. |c физик |c доцент Томского политехнического университета, кандидат физико-математических наук |f 1981- |g Сергей Геннадьевич |3 (RuTPU)RU\TPU\pers\31441 |9 15603 | |
| 701 | 1 | |a Вагнер |b А. Р. |c физик |c доцент Томского политехнического университета |f 1983- |g Александр Рудольфович |3 (RuTPU)RU\TPU\pers\28129 | |
| 701 | 1 | |a Сухих |b Е. С. |c специалист в области атомной энергетики |c доцент Томского политехнического университета, кандидат физико-математических наук |f 1986- |g Евгения Сергеевна |3 (RuTPU)RU\TPU\pers\31149 |9 15345 | |
| 801 | 2 | |a RU |b 63413507 |c 20210628 |g RCR | |
| 850 | |a 63413507 | ||
| 856 | 4 | |u http://elibrary.ru/item.asp?id=21218034 | |
| 942 | |c CF | ||